[Event "32nd Pula Open 2018"]
[Site "Pula"]
[Date "2018.06.23"]
[Round "1"]
[White "Zelcic, Robert"]
[Black "Weber, Harald"]
[Result "1-0"]
[WhiteElo "2499"]
[BlackElo "1919"]
[Annotator "TA"]
[PlyCount "60"]
[EventDate "2018.??.??"]
[EventCountry "CRO"]
[SourceTitle "playchess.com"]
[Source "ChessBase"]
[SourceQuality "1"]

{[%evp 9,60,-8,12,-70,-7,-69,-3,-2,-8,-23,-27,-10,-4,-17,-11,0,0,-5,6,0,0,0,0,-37,-40,-40,-41,-48,-25,-59,-60,-59,-52,-52,-55,-47,-39,-34,-29,-35,-8,-24,0,0,0,0,18,30,54,47,133,117,237]} 1. d4 d5 2. Nc3 Nf6 3. Bg5 c6 4. Qd3 h6 (4... Qa5 5. Bxf6 exf6 6. e4 Bb4 7. exd5 O-O 8. Be2 Qxd5 9. Bf3 Bf5 10. Bxd5 Bxd3 11. Bb3 Re8+ 12. Kd2 Ba6 {½-½ (77) Bauer,C (2634)-Tkachiev,V (2661) Ajaccio 2007}) 5. Bf4 b6 $146 ({Predecessor:} 5... e6 6. f3 b5 7. a3 a5 8. e4 Ba6 9. Qe3 Nbd7 10. Nh3 Nb6 11. Bd3 {1-0 (39) Crouan,S (2275)-Saucey,M (2308) Le Mans 2003}) 6. O-O-O {D01: Veresov Opening} ({Better is} 6. e4 $11) 6... e6 ({Black should play} 6... b5 $1 $15) 7. Kb1 (7. e4 $11) 7... a5 (7... b5 $15) 8. e4 $11 {The position is equal.} Ba6 9. Qf3 Bxf1 10. Rxf1 a4 11. Nge2 b5 {[%cal Bb6b5,Bb5b4][%mdl 32]} 12. exd5 Nxd5 13. Nxd5 cxd5 14. Nc3 b4 15. Nb5 Na6 16. Qg3 Qb6 17. Nd6+ Bxd6 $1 18. Bxd6 Kd7 19. Bc5 Nxc5 20. dxc5 Qxc5 21. Qxg7 Ke7 22. Re1 Rag8 23. Qe5 $1 Rc8 {White must now prevent ...Rhg8.} 24. Re2 Rhg8 (24... b3 $5 25. axb3 axb3 26. cxb3 Rhg8 $11) 25. f4 {[%cal Bf2f4,Bf4f5][%mdl 32]} Qd6 26. Qe3 Qc5 {[#] ...Qxe3 is the strong threat.} 27. Qh3 Qc4 28. Rhe1 {[%cal Re2e6] aiming for Rxe6+!} Kd7 29. f5 {[%cal Rf5e6]} ({Don't play} 29. Qxh6 b3 $15) 29... Rge8 {[#]} (29... e5 $1 $14) 30. Qh5 $1 $16 {[%cal Rh5f7]} Rf8 {Precision: White = 54%, Black = 22%.} (30... e5 $16) 1-0

[Event "32nd Pula Open 2018"]
[Site "Pula"]
[Date "2018.06.23"]
[Round "1"]
[White "Plenca, Jadranko"]
[Black "Mrdjen, David"]
[Result "1-0"]
[WhiteElo "2482"]
[BlackElo "1909"]
[Annotator "TA"]
[PlyCount "33"]
[EventDate "2018.??.??"]
[EventCountry "CRO"]
[SourceTitle "playchess.com"]
[Source "ChessBase"]
[SourceQuality "1"]

{[%evp 14,33,48,47,81,50,85,68,74,64,65,14,24,-4,58,-16,0,0,30,55,104,110]} 1. e4 c5 2. Ne2 b6 3. d4 cxd4 4. Nxd4 Bb7 5. Nc3 e6 6. Bd3 Nc6 {B00: Queen's Fianchetto Defence, Nimzowitsch Defence} 7. Nxc6 Bxc6 8. O-O {LiveBook: 14 Games} h5 $146 {White is slightly better.} ({Predecessor:} 8... Qc7 9. Qe2 Bd6 10. f4 Ne7 11. Kh1 O-O 12. Nb5 Bxb5 13. Bxb5 Ng6 14. g3 Rad8 15. c3 {½-½ (87) Krivic,D (2522)-Jaulneau,C (2538) ICCF email 2008}) 9. Bf4 {[%cal Bc1f4,Bf4e5,Be5d4][%mdl 32]} g5 10. Be5 f6 11. Bd4 Bd6 12. Re1 ({White should try} 12. Nb5 $14 Bb8 13. Qe2) 12... Qc7 $11 13. g3 h4 (13... Be5 $11 14. Nb5 Qb8) 14. Kg2 (14. Nd5 $1 $14 Bxd5 15. exd5) 14... hxg3 15. hxg3 Be7 16. Ba6 {aiming for Rh1.} e5 17. Be3 1-0

[Event "32nd Pula Open 2018"]
[Site "Pula"]
[Date "2018.06.23"]
[Round "1"]
[White "Tratar, Marko"]
[Black "Jelen, Miha"]
[Result "1-0"]
[WhiteElo "2449"]
[BlackElo "1898"]
[Annotator "TA"]
[PlyCount "38"]
[EventDate "2018.??.??"]
[EventCountry "CRO"]
[SourceTitle "playchess.com"]
[Source "ChessBase"]
[SourceQuality "1"]

{[%evp 20,38,80,76,102,81,85,83,108,88,85,84,97,36,97,98,101,108,167,158,234]} 1. Nf3 Nf6 2. g3 d5 3. Bg2 c5 4. O-O e6 5. c4 Be7 6. d4 Nc6 7. dxc5 Bxc5 8. a3 a5 9. cxd5 {E06: Closed Catalan: Early deviations} exd5 10. Bg5 Be6 11. Nc3 {LiveBook: 4 Games. White is better.} d4 12. Bxf6 $146 ({Predecessor:} 12. Ne4 Be7 13. Bxf6 gxf6 14. Rc1 Qb6 15. Qd2 f5 16. Neg5 O-O {1-0 (31) Berebora,F (2443)-Moeller,H (2279) Germany 2017}) 12... Qxf6 13. Ne4 Qe7 14. Nxc5 Qxc5 15. b4 Qb6 16. Rb1 (16. Qa4 $16) 16... axb4 {[#]} (16... Bf5 $14) 17. Nxd4 $1 $16 {[%mdl 512]} Nxd4 (17... Qxd4 18. Bxc6+) 18. Rxb4 {[#]} Nxe2+ $1 {[%mdl 512]} 19. Qxe2 $18 Qa6 (19... Qc5 $16 {was called for.} 20. Bxb7 Rb8) 1-0

[Event "32nd Pula Open 2018"]
[Site "Pula"]
[Date "2018.06.23"]
[Round "1"]
[White "Fercec, Nenad"]
[Black "Ayzenberg, Alena"]
[Result "1/2-1/2"]
[WhiteElo "2436"]
[BlackElo "1887"]
[Annotator "TA"]
[PlyCount "57"]
[EventDate "2018.??.??"]
[EventCountry "CRO"]
[SourceTitle "playchess.com"]
[Source "ChessBase"]
[SourceQuality "1"]

{[%evp 14,57,-4,-11,2,-27,-7,-29,0,-4,0,0,0,0,-4,-43,-54,-60,-61,-18,-13,-38,-68,-222,-106,-174,-156,-165,-157,-192,-181,-205,-89,-82,-89,-88,-29,-35,0,0,0,0,0,0,0,0]} 1. e4 e6 2. d4 d5 3. Nd2 c5 4. exd5 Qxd5 5. Ngf3 cxd4 6. Bc4 Qd6 7. Ne4 {C07: French Tarrasch: 3...c5, 4 Ngf3 and 4 exd5 Qxd5} (7. O-O Nf6 8. Nb3 Nc6 9. Nbxd4 Nxd4 10. Nxd4 a6 11. Bb3 Qc7 12. Qf3 Bd6 13. h3 Bh2+ 14. Kh1 Be5 15. c3 Bd7 16. Re1 O-O 17. Bg5 h6 18. Bh4 Bxd4 19. cxd4 Bc6 20. Qe3 Nd5 21. Qe5 {½-½ (30) Nakamura,H (2781)-Antipov,M (2588) Caleta 2018}) 7... Qb4+ 8. Nfd2 {LiveBook: 4 Games} Nf6 $146 ({Predecessor:} 8... Nd7 9. O-O Ngf6 10. b3 Be7 11. Bb2 Qb6 12. Nxf6+ Nxf6 13. Nf3 O-O 14. Bxd4 Qa5 {½-½ (27) Bosiocic,M (2553)-Saric,A (2563) Opatija 2015}) 9. Nxf6+ (9. c3 {with more complications.} dxc3 10. bxc3 Qa5 11. Nxf6+ gxf6 12. O-O) 9... gxf6 10. O-O Nc6 11. c3 dxc3 12. bxc3 Qd6 13. Re1 Ne5 14. Qh5 Nxc4 15. Nxc4 Qc5 16. Qh4 Be7 $40 {[%mdl 128] Black has some attack.} 17. Be3 (17. Ba3 $5 {[%cal Ra3c5]} Qg5 18. Qd4 Bxa3 19. Nxa3 $11) 17... Qc6 18. g3 $2 (18. Nd2 $15) 18... b5 (18... b6 $19 {...Bb7 is the strong threat.} 19. Nd2 Bb7) 19. Nd2 (19. Na5 $17 {was necessary.} Qf3 20. Bh6) 19... Bb7 $19 {[%csl Gb7][%cal Rc6h1] [#]} ({And not} 19... Qxc3 20. Rac1 $16) 20. f3 f5 ({Resist} 20... Qxc3 21. Rac1 $15) 21. Qh5 Rd8 22. Bd4 {[#]} Rxd4 (22... h6 $1 $19 {has better winning chances.} 23. Bxh8 Rxd2) 23. cxd4 $17 Qc3 24. Rad1 {[%cal Ba1d1,Bd1d2,Bd2d7][%mdl 32] Threatening Rxe6.} Qxd4+ (24... Bd5 $17 25. Qh6 Qxd4+ 26. Kg2 Bb4) 25. Kg2 $11 O-O {aiming for ...Qb2.} 26. Ne4 $1 {The position is equal.} Qb2+ 27. Rd2 Qb4 28. a3 $1 {[%cal Ra3b4]} Qa5 29. Rd7 {Precision: White = 41%, Black = 38%.} 1/2-1/2

[Event "32nd Pula Open 2018"]
[Site "Pula"]
[Date "2018.06.23"]
[Round "1"]
[White "Schnider, Gert"]
[Black "Ikica, Ante"]
[Result "1-0"]
[WhiteElo "2422"]
[BlackElo "1882"]
[Annotator "TA"]
[PlyCount "59"]
[EventDate "2018.??.??"]
[EventCountry "CRO"]
[SourceTitle "playchess.com"]
[Source "ChessBase"]
[SourceQuality "1"]

{[%evp 9,59,22,60,55,73,36,47,32,41,39,89,69,69,69,66,70,87,84,115,115,128,128,135,130,125,104,116,90,100,89,97,73,70,66,69,66,89,94,107,111,150,137,166,151,162,158,214,220,386,379,458,444]} 1. e4 e5 2. Nf3 Nc6 3. Bb5 Nf6 4. O-O d6 5. d4 Nd7 6. Nc3 {C66: Ruy Lopez: Steinitz Defence} (6. Re1 Be7 7. Be3 O-O 8. Nc3 a6 9. Bf1 Nf6 10. h3 b5 11. a3 Bb7 12. Bg5 h6 13. Bh4 Nxd4 14. Nxd4 exd4 15. Qxd4 {1-0 (84) Bogdanovich,S (2299)-Shilin,D (2393) Odessa 2008}) 6... a6 7. Ba4 Be7 8. Nd5 {White is slightly better.} O-O 9. c3 $146 ({Predecessor:} 9. Nxe7+ Qxe7 10. Bxc6 bxc6 11. Re1 Re8 12. b3 Nf8 13. Ba3 f6 14. c4 {0-1 (33) Kozomara,V-Sokolov,V Tuzla 1958}) 9... Nb6 10. Bxc6 (10. Bc2 {is more complex.} exd4 11. Nxb6 cxb6 12. Nxd4 Re8 13. Bf4) 10... bxc6 11. Nxb6 cxb6 12. dxe5 Bg4 13. Bf4 {[%cal Re5d6]} d5 14. exd5 cxd5 15. Qd3 Qd7 16. Nd4 Bc5 17. Rfe1 {[%cal Bf1e1,Be1e3,Be3h3][%mdl 32]} Rfe8 18. Re3 Bh5 19. Qd2 b5 20. Rae1 Rac8 21. Rh3 Bg6 22. Nb3 Bb6 23. Be3 {[%cal Bf4e3,Be3d4,Bd4c5,Bc5b6][%mdl 32]} Bc7 24. Bd4 Re7 25. Rhe3 Rce8 26. f4 Qc6 27. Qf2 {[#] Black must now prevent f5.} Qe6 (27... Bf5 $16 28. Ba7 Bb6) 28. Bc5 $18 {Threatens to win with Nd4.} Bb6 $2 (28... Be4 {might work better.} 29. Nd4 Qd7) 29. f5 ({Not} 29. Nd4 Bxc5 30. Nxe6 Rxe6 $18) 29... Bxf5 30. Bxb6 {Precision: White = 64%, Black = 40%.} 1-0

[Event "32nd Pula Open 2018"]
[Site "Pula"]
[Date "2018.06.23"]
[Round "1"]
[White "McPhillips, Joseph"]
[Black "Pranjic, Mitja"]
[Result "1-0"]
[WhiteElo "2399"]
[BlackElo "1869"]
[Annotator "TA"]
[PlyCount "54"]
[EventDate "2018.??.??"]
[EventCountry "CRO"]
[SourceTitle "playchess.com"]
[Source "ChessBase"]
[SourceQuality "1"]

{[%evp 12,54,2,-10,0,-16,-11,-49,-51,-64,-62,-51,-34,-78,0,-59,-40,-40,-8,-6,-7,-36,-15,-40,-35,-56,-58,-44,-44,-55,-49,-48,-47,-45,4,4,4,2,6,0,46,43,35,28,46]} 1. e4 e5 2. Nf3 Nc6 3. c3 Nf6 {[%cal Bg8f6,Bf6d5,Bd5f4][%mdl 32]} 4. d4 exd4 5. e5 Nd5 6. cxd4 Bb4+ 7. Nbd2 {LiveBook: 10 Partien. C44: Schottische Partie} (7. Bd2 d6 8. Bxb4 Ncxb4 9. Bc4 Nb6 10. Qb3 Nxc4 11. Qxb4 Nb6 12. O-O O-O 13. exd6 Qxd6 14. Qxd6 cxd6 {½-½ (25) Van Foreest,J (2612)-Bok,B (2608) Wijk aan Zee 2017}) 7... O-O 8. Qb3 Nf4 9. Qe3 {Die Stellung ist ausgeglichen.} (9. g3 $5 {[%cal Rg3f4]} Ne6 10. Qe3 $15) 9... Ng6 $1 10. Bd3 $146 ({Vorgänger:} 10. Bb5 d6 11. O-O dxe5 12. dxe5 Qd5 13. Bc4 Qc5 14. Qxc5 Bxc5 {½-½ (26) Lukin,A (2430)-Mikhalchishin,A (2480) Klaipeda 1988}) 10... d6 11. Bxg6 hxg6 12. O-O Re8 ({Lieber} 12... dxe5 $17 13. dxe5 Qd5) 13. Qf4 (13. a3 $11 Ba5 14. Nc4) 13... dxe5 14. dxe5 Be7 {Und weiter mit ...g5 wäre nett.} 15. Ne4 Bf5 16. Nc3 Qc8 17. Qg3 Bg4 18. Bf4 Bxf3 19. Qxf3 Qf5 20. Bg3 Qxf3 21. gxf3 Bc5 22. f4 g5 23. fxg5 Nxe5 24. Kg2 c6 25. Rad1 Ng6 26. h4 {[%cal Bh2h4,Bh4h5][%mdl 32]} Rad8 27. h5 Ne7 {Precision: Weiß = 56%, Schwarz = 63%.} 1-0

[Event "32nd Pula Open 2018"]
[Site "Pula"]
[Date "2018.06.23"]
[Round "1"]
[White "Franic, Milan"]
[Black "Mirza, Diana"]
[Result "1-0"]
[WhiteElo "2379"]
[BlackElo "1860"]
[Annotator "TA"]
[PlyCount "57"]
[EventDate "2018.??.??"]
[EventCountry "CRO"]
[SourceTitle "playchess.com"]
[Source "ChessBase"]
[SourceQuality "1"]

{[%evp 15,57,38,88,52,67,62,56,66,79,79,103,107,106,87,174,100,113,102,104,102,115,109,197,148,154,159,175,159,202,211,207,195,223,216,374,375,398,177,191,188,190,175,181,193]} 1. d4 Nf6 2. c4 g6 3. f3 Bg7 4. e4 d6 5. Nc3 O-O 6. Bg5 c5 7. d5 h6 8. Be3 Nbd7 {LiveBook: 4 Games. E81: King's Indian: Sämisch: 6th move deviations (including 6 Be3 c6)} (8... e6 9. Qd2 exd5 10. cxd5 a6 11. a4 h5 12. Nge2 Nbd7 13. Nc1 Ne5 14. Be2 Nh7 15. h3 f5 16. f4 Nf7 17. exf5 gxf5 18. O-O Nf6 19. Bf2 Bd7 20. a5 Bb5 21. Re1 {0-1 (40) Korobov,A (2652)-Amin,B (2693) Wijk aan Zee 2018}) 9. Qd2 Kh7 10. Nh3 Ne5 {White is slightly better.} 11. Nf2 a6 12. Be2 Rb8 13. a4 Qa5 14. O-O Qb4 (14... g5 $16 {might work better.}) 15. Qc2 $146 ({White should try} 15. a5 $18) ({Predecessor:} 15. b3 Bd7 16. Rfc1 {1-0 (47) Molnar,P (2285)-Fediv,A (2079) Mukachevo 2009}) 15... Nxc4 $16 16. Bxc4 Qxc4 {[#]} 17. a5 $1 Nxd5 18. exd5 Bxc3 (18... b5 $16) 19. bxc3 {[%cal Bb2c3,Bc3c4][%mdl 32]} Qxd5 20. c4 Qe5 21. Rfe1 Bf5 22. Qb3 Qg7 23. Rad1 Rfc8 24. Bc1 Be6 $2 (24... f6 {was necessary.} 25. Ne4 h5) 25. Bb2 $18 Qg8 {[#]} 26. Nd3 (26. Rxd6 $142 $3 {[%mdl 512] And now Rexe6! would win.} Qf8 (26... exd6 27. Ne4) 27. Ne4) 26... b5 {White is clearly better.} 27. axb6 {Hoping for Bc3.} Rc6 28. Ba1 ({Much less strong is} 28. b7 $6 Rc7 $16) 28... Rcxb6 29. Qc2 {Precision: White = 69%, Black = 60%.} 1-0

[Event "32nd Pula Open 2018"]
[Site "Pula"]
[Date "2018.06.23"]
[Round "1"]
[White "Beletic, Daniel"]
[Black "Sepetavc, Walter"]
[Result "1-0"]
[WhiteElo "2370"]
[BlackElo "1854"]
[Annotator "TA"]
[PlyCount "27"]
[EventDate "2018.??.??"]
[EventCountry "CRO"]
[SourceTitle "playchess.com"]
[Source "ChessBase"]
[SourceQuality "1"]

{[%evp 16,27,0,0,0,0,-5,-13,3,-10,-10,-17,-8,-7]} 1. d4 Nf6 2. Nf3 d5 3. Bf4 e6 4. Nbd2 Nh5 (4... Bd6 5. Bg3 c5 6. e3 Nc6 7. c3 O-O 8. Bd3 b6 9. e4 Be7 10. e5 Nh5 11. Qe2 c4 12. Bc2 b5 13. a3 a5 14. Ng5 Bxg5 15. Qxh5 g6 16. Qe2 f5 {½-½ (72) Kamsky,G (2676)-Jakovenko,D (2710) Sochi 2017}) 5. Bg3 Nxg3 6. hxg3 {D02: 1 d4 d5 2 Nf3 sidelines, including 2...Nf6 3 g3 and 2...Nf6 3 Bf4} c5 7. e3 Nc6 8. c3 cxd4 $146 ({Predecessor:} 8... a6 9. Bd3 h6 10. Ne5 Qc7 11. f4 Nxe5 12. fxe5 {1-0 (30) Savinov,L (2161)-Tompakov,E Moscow 2006}) 9. exd4 {LiveBook: 5 Games. The position is equal.} g6 10. Bd3 Bg7 11. Qe2 Qc7 12. O-O O-O 13. Rfe1 a6 14. Rac1 {[%mdl 32768] Loss on Time!?} 1-0

[Event "32nd Pula Open 2018"]
[Site "Pula"]
[Date "2018.06.23"]
[Round "1"]
[White "Guid, Matej"]
[Black "Neubauer, Anton"]
[Result "1-0"]
[WhiteElo "2358"]
[BlackElo "1850"]
[Annotator "RC"]
[PlyCount "36"]
[EventDate "2018.??.??"]
[EventCountry "CRO"]
[SourceTitle "playchess.com"]
[Source "ChessBase"]
[SourceQuality "1"]
[TimeControl "5400+30"]

1. e4 e6 2. d4 d5 3. Nd2 Nf6 4. e5 Nfd7 5. Bd3 c5 6. c3 cxd4 7. cxd4 Nc6 8. Ngf3 Be7 9. O-O O-O 10. Re1 f6 11. exf6 Nxf6 12. Nb3 Bd6 13. Bg5 Qc7 14. Rc1 Qf7 15. Bh4 Qh5 16. Bg3 Bxg3 17. fxg3 Re8 18. h3 e5 1-0

[Event "32nd Pula Open 2018"]
[Site "Pula"]
[Date "2018.06.23"]
[Round "1"]
[White "Krsnik Cohar, Ivan Vihor"]
[Black "Klement, Ottomar"]
[Result "1-0"]
[WhiteElo "2309"]
[BlackElo "1839"]
[Annotator "NA"]
[PlyCount "53"]
[EventDate "2018.??.??"]
[EventCountry "CRO"]
[SourceTitle "playchess.com"]
[Source "ChessBase"]
[SourceQuality "1"]
[TimeControl "5400+30"]

1. c4 c5 2. g3 Nf6 3. Bg2 e6 4. Nf3 Nc6 5. O-O Be7 6. d4 cxd4 7. Nxd4 O-O 8. Nc3 a6 9. b3 Nxd4 10. Qxd4 d6 11. Bb2 Qc7 12. Rfd1 e5 13. Qd2 Bf5 14. Rac1 Rad8 15. b4 b6 16. Qe3 Qb8 17. h3 h6 18. b5 d5 19. Nxd5 Nxd5 20. Bxd5 axb5 21. Bxe5 Qa7 22. Bd4 Rd6 23. Qe5 Rf6 24. Qf4 Bd6 25. Qf3 Bc2 26. Bxf6 Bxd1 27. Qg4 1-0

[Event "32nd Pula Open 2018"]
[Site "Pula"]
[Date "2018.06.23"]
[Round "1"]
[White "Schmuck, Corentin"]
[Black "Saric, Ante"]
[Result "0-1"]
[WhiteElo "1925"]
[BlackElo "2543"]
[Annotator "TA"]
[PlyCount "52"]
[EventDate "2018.??.??"]
[EventCountry "CRO"]
[SourceTitle "playchess.com"]
[Source "ChessBase"]
[SourceQuality "1"]

{[%evp 19,52,-20,5,-59,-52,-53,-52,-72,-64,-77,-81,-72,-64,-129,-128,-166,-122,-240,-231,-216,-226,-210,-219,-256,-265,-271,-278,-270,-263,-348,-358,-343,-350,-377,-335]} 1. e4 c5 2. Nc3 d6 3. g3 Nc6 4. Bg2 g6 5. f4 Bg7 6. Nf3 e6 7. O-O Nge7 8. d3 O-O 9. Be3 b6 10. Bf2 Bb7 {LiveBook: 67 Games} 11. g4 {B25: Closed Sicilian: 3 g3, lines without early Be3} (11. d4 $11) (11. Qd2 Qd7 12. Rad1 Rad8 13. Rfe1 Nd4 14. Nxd4 cxd4 15. Ne2 e5 16. c3 dxc3 17. bxc3 d5 18. exd5 Bxd5 19. Bxd5 Nxd5 {0-1 (50) Grigoryan,K (2559)-Dubov,D (2622) Legnica 2013}) 11... Qd7 $15 12. Qd2 f5 13. exf5 $146 {Black is slightly better.} ({Predecessor:} 13. gxf5 exf5 14. Rad1 Rae8 15. Rfe1 Nc8 16. exf5 Rxe1+ 17. Rxe1 Qxf5 18. Ng5 Nd8 19. Bxb7 Nxb7 {½-½ (36) Cottarelli,F (1886)-Senzacqua,F (2132) ICCF email 2010}) 13... gxf5 14. g5 e5 15. Bg3 exf4 16. Bxf4 {[#]} (16. Qxf4 $15 Rad8 17. Nh4) 16... Ng6 $1 $17 17. h4 Nd4 18. h5 (18. Nxd4 $17 {is the only way for White.} Bxd4+ 19. Kh2) 18... Nxf4 $19 19. Qxf4 Nxc2 20. Rac1 Nd4 21. h6 Nxf3+ 22. Bxf3 Be5 23. Qh4 Rae8 24. Rc2 Bd4+ 25. Kh2 Re3 26. Bd5+ Kh8 {Precision: White = 23%, Black = 97%.} 0-1

[Event "32nd Pula Open 2018"]
[Site "Pula"]
[Date "2018.06.23"]
[Round "1"]
[White "Marceta, Milan"]
[Black "Fernandez, Daniel Howard"]
[Result "0-1"]
[WhiteElo "1916"]
[BlackElo "2485"]
[Annotator "TA"]
[PlyCount "59"]
[EventDate "2018.??.??"]
[EventCountry "CRO"]
[SourceTitle "playchess.com"]
[Source "ChessBase"]
[SourceQuality "1"]

{[%evp 17,59,0,0,-10,-18,-43,-52,-49,-49,-103,-102,-93,-90,-133,-136,-122,0,0,0,0,0,0,0,-68,-17,-12,-16,-31,-24,-30,-24,-68,0,-20,-8,-22,-14,-16,-13,-14,-14,-89,-84,-77]} 1. e4 c5 2. Nf3 d6 3. d4 Nf6 4. Nc3 cxd4 5. Nxd4 Nc6 6. Be2 g6 7. Be3 Bg7 8. h3 O-O 9. Qd2 d5 {LiveBook: 3 Games} 10. Nxc6 {B72: Sicilian Dragon: 6 Be3, lines with h3+Bc4 and sidelines} bxc6 11. O-O-O {[%cal Re4d5]} Qc7 $146 ({Predecessor:} 11... Be6 12. exd5 Nxd5 13. Bd4 Qa5 14. Bxg7 Kxg7 15. Nxd5 Qxd2+ 16. Rxd2 Bxd5 17. f3 a5 {½-½ (46) Farago,S (2360)-Arnold,J (2250) Budapest 1995}) 12. exd5 {Black is slightly better.} cxd5 13. Bh6 {[#]} (13. f4 $15) 13... Bxh6 $1 $17 14. Qxh6 Rb8 15. Nxd5 Nxd5 16. Rxd5 {[#]} Be6 (16... Qb7 $1 $17 {[%cal Rb7d5]} 17. Rb5 Qxg2) 17. Rh5 $1 $11 gxh5 18. Bd3 {[%csl Gd3][%cal Rh6h7]} f5 19. Qxe6+ Kh8 20. Qe3 (20. Re1 $11) 20... Qb6 ({Black should play} 20... e5 $15) 21. Qe5+ Qf6 22. Re1 e6 23. Bc4 Rb6 24. Bb3 ({Don't blunder} 24. Bxe6 $2 Qxe5 25. Rxe5 Re8 $19) 24... h4 (24... Qxe5 $15 25. Rxe5 Re8) 25. Qc7 ({Not} 25. Bxe6 $2 Qxe5 26. Rxe5 Re8 $19) 25... Qg5+ 26. Kb1 Qxg2 27. Qc5 Qg7 28. f4 Rfb8 29. Rg1 (29. a4 $11 {remains equal.}) 29... Rd8 $17 {And now ...Qd4 would win.} 30. c3 {Precision: White = 27%, Black = 63%.} 0-1

[Event "32nd Pula Open 2018"]
[Site "Pula"]
[Date "2018.06.23"]
[Round "1"]
[White "Orel Music, Simona"]
[Black "Gumularz, Szymon"]
[Result "0-1"]
[WhiteElo "1902"]
[BlackElo "2452"]
[Annotator "TA"]
[PlyCount "49"]
[EventDate "2018.??.??"]
[EventCountry "CRO"]
[SourceTitle "playchess.com"]
[Source "ChessBase"]
[SourceQuality "1"]

{[%evp 17,49,41,37,-4,4,-3,16,-46,-63,-61,-67,-61,-58,-69,0,0,0,0,0,0,47,-825,-822,-971,-971,-971,-971,-957,-955,-954,-954,-926,-885,-845]} 1. d4 {[%cal Bd2d4,Bd4d5][%mdl 32]} g6 2. c4 Bg7 3. Nc3 d6 4. e4 Nc6 5. Be3 e5 6. d5 Nce7 7. f3 f5 8. Bd3 Nf6 9. Nge2 O-O {LiveBook: 19 Partien} 10. b4 {A42: Moderne Verteidigung (mit c2-c4/ohne Sf6)} (10. Qd2 fxe4 11. Nxe4 Nf5 12. Bg5 h6 13. Nxf6+ Rxf6 14. Bxf6 Qxf6 15. O-O Bd7 16. Rae1 h5 17. Nc3 Bh6 18. Qf2 b6 19. Ne4 Qg7 20. g4 {0-1 (33) Gundavaa,B (2516)-Sargissian,G (2671) Khanty-Mansiysk 2013}) 10... fxe4 11. Nxe4 Nf5 12. Bd2 $146 (12. Bg5 $11) ({Vorgänger:} 12. Bf2 Bd7 13. O-O a5 14. a3 Nxe4 15. Bxe4 {½-½ (40) Eigenmann,C (1905)-Baumann,C (1920) Switzerland 1986}) 12... Nxe4 13. Bxe4 Qh4+ 14. g3 Qh3 {...Dg2 ist eine echte Drohung.} 15. Kf2 Nd4 ({Günstiger ist} 15... Nh6 $15) 16. Nxd4 $11 exd4 17. Qf1 Qh5 {Und weiter mit ...d3! wäre nett.} 18. Qd3 Bg4 19. Ke2 $2 {[%mdl 8192]} (19. h3 $14 Bxh3 20. Rag1) 19... Rae8 $19 {[#] ( -> ...Lxf3+). Schwarz steht klar auf Gewinn.} 20. Raf1 Qf5 21. fxg4 Rxe4+ 22. Kd1 {[#]} Re1+ $1 {[%mdl 512]} 23. Kc2 (23. Kxe1 Qxd3) 23... Qxd3+ (23... Qxf1 $2 24. Rxf1 Rexf1 25. Qe2 $19) ({Schwächer ist} 23... Rxf1 24. gxf5 Rxh1 25. fxg6 $17) 24. Kxd3 Rexf1 25. Rxf1 {Precision: Weiß = 32%, Schwarz = 58%.} 0-1

[Event "32nd Pula Open 2018"]
[Site "Pula"]
[Date "2018.06.23"]
[Round "1"]
[White "Kainz, Josef"]
[Black "Haria, Ravi"]
[Result "0-1"]
[WhiteElo "1897"]
[BlackElo "2440"]
[Annotator "TA"]
[PlyCount "44"]
[EventDate "2018.??.??"]
[EventCountry "CRO"]
[SourceTitle "playchess.com"]
[Source "ChessBase"]
[SourceQuality "1"]

{[%evp 11,44,24,33,24,46,-13,27,15,31,24,21,16,8,9,9,11,13,-33,-34,-159,-176,-408,-385,-442,-434,-561,-552,-561,-561,-548,-561,-539,-558,-579,-554]} 1. d4 e6 2. c4 Bb4+ 3. Bd2 a5 4. g3 Nc6 5. Nf3 d6 6. Nc3 {A40: Unusual replies to 1 d4} Nf6 {LiveBook: 26 Games} 7. Qc2 e5 8. d5 (8. a3 $14 e4 9. Nxe4 (9. axb4 exf3 10. Nb5 Bg4 $14)) 8... Nb8 9. Bg2 Nbd7 10. O-O O-O 11. a3 $146 ({Predecessor:} 11. b3 c6 12. dxc6 bxc6 13. Ne1 Bb7 14. Nd3 Qc7 15. Rfd1 h6 16. Na4 Bxd2 17. Qxd2 Rfd8 {½-½ (32) Hansen,L (2562)-Gulko,B (2643) Esbjerg 2000}) 11... Bxc3 12. Bxc3 a4 13. Nd2 Nc5 14. f4 Ng4 15. Rf3 {[#]} (15. Qb1 $15) 15... e4 $1 $17 {[%cal Re4f3][%mdl 512]} 16. Nxe4 $2 (16. Rff1 {only move.}) 16... Bf5 $19 17. Nf6+ Qxf6 $1 {Black is clearly winning.} 18. e4 Bxe4 19. Qxe4 Nxe4 20. Bxf6 Ngxf6 21. Re3 Rfe8 22. Rae1 {[%cal Rg2e4]} Nd2 {Precision: White = 20%, Black = 66%.} 0-1

[Event "32nd Pula Open 2018"]
[Site "Pula"]
[Date "2018.06.23"]
[Round "1"]
[White "Kundianok, Vladislav"]
[Black "Loncar, Robert"]
[Result "0-1"]
[WhiteElo "1885"]
[BlackElo "2423"]
[Annotator "TA"]
[PlyCount "36"]
[EventDate "2018.??.??"]
[EventCountry "CRO"]
[SourceTitle "playchess.com"]
[Source "ChessBase"]
[SourceQuality "1"]

{[%evp 14,36,40,25,42,11,13,16,18,0,6,-22,-8,-28,35,-31,-25,-78,-76,-122,-112,-121,-119,-115,-106]} 1. e4 c5 2. Nf3 e6 3. d4 cxd4 4. Nxd4 a6 5. Bd3 g6 6. O-O Bg7 7. Nb3 Ne7 8. Nc3 {LiveBook: 9 Games. B42: Sicilian: Kan Variation: 5 Bd3} O-O 9. a4 Nbc6 10. a5 {The position is equal.} d5 11. f3 $146 ({Predecessor:} 11. exd5 Nxd5 12. Nxd5 Qxd5 13. Be2 Qf5 14. Bd3 Qd5 15. Be2 {0-1 (54) Rydstrom,T (2306)-Blomqvist,E (2531) Uppsala 2016}) 11... Qc7 12. Bd2 dxe4 13. fxe4 Ne5 (13... Be5 $11) 14. Na4 (14. Be3 $14) 14... Bd7 $15 15. Nb6 {[#]} (15. Be3 $11) 15... Rad8 $1 $17 {Black is better.} 16. Bf4 {[#]} Bb5 $1 17. Qe2 Bxd3 18. cxd3 {aiming for d4.} N7c6 {Precision: White = 14%, Black = 52%.} 0-1